Chemické pokusy každodenného života z organickej chémie

Bibliographic Details
Main Authors: Ganajová, Mária, 1960- (Author), Györyová, Katarína, 1946- (Author), Gibalová, Ivana (Author)
Format: Book
Language:Slovak
PhysicalDescription:54 s. 21 cm
Published: Prešov Metodické centrum 2001
ISBN:8080450315
Subjects:

MARC

LEADER 00000nam a2200000 a 4500
001 vtls001427539
003 SK-MaSNL
005 20260301202630.0
008 240318s2001 xo a r y slo
015 |a SNBA2002/04-01413 
020 |a 8080450315 
035 |a SNK000382512 
035 |a urn:nbn:sk:snk-amknvi 
035 |a urn:nbn:sk:snk-am003bud 
035 |a DDF3C917-FAD2-4401-BD21-CE1AE1E551CC 
040 |a SNK  |b slo  |c SNK  |e AACR2 
041 0 |a slo 
044 |a xo  |c SK 
080 |a 542(072)  |2 1981 
100 1 |a Ganajová, Mária,  |d 1960-  |4 aut  |9 206279 
245 1 0 |a Chemické pokusy každodenného života z organickej chémie  |c Mária Ganajová, Katarína Györyová, Ivana Gibalová 
260 |a Prešov  |b Metodické centrum  |c 2001 
300 |a 54 s.  |c 21 cm 
500 |a 200 výt. 
504 |a Bibliogr. s. 54 
650 0 7 |a chémia  |x pokusy školské  |x príručky  |2 SNK  |9 296353 
655 7 |a príručky  |2 SNK  |9 74364 
700 1 |a Györyová, Katarína,  |d 1946-  |4 aut  |9 221499 
700 1 |a Gibalová, Ivana  |4 aut  |9 366477 
919 |a 80-8045-031-5 
958 |a OND 
958 |a TL 
958 |a NB 
999 |c 899596  |d 901526 
952 |t P60, <03>, [BOOK], {603}  |a SNK  |b SNK  |y PREZ  |7 0  |p 17A0331215  |o snkSC 107161  |i snkKSP 1346/2002  |0 0  |1 0  |4 0  |d 2002-01-29  |f 1  |l 0  |r 2025-09-26 00:00:00  |w 2026-02-24 
952 |a SNK  |b SNK  |y VYP  |7 0  |p 17A0331216  |o snkSC 107161 D1  |i snkKSP 1347/2002  |0 0  |1 0  |4 0  |d 2002-01-29  |l 0  |r 2005-01-02 00:00:00  |w 2026-02-24